Závery zo seminárov TEMPUS SJEP 11011-96 manažment vysokoškolských inštitúcií 1996-1999
Uložené v:
| Médium: | Kniha |
|---|---|
| Jazyk: | Slovak |
| Vydavateľské údaje: |
Nitra
Slovenská poľnohospodárska univerzita v Nitre
[1999]
|
| Predmet: | |
| Tagy: |
Žiadne tagy, Buďte prvý, kto otaguje tento záznam!
|
MARC
| LEADER | 00000nam$a2200000$$$4500 | ||
|---|---|---|---|
| 001 | 0034323 | ||
| 005 | 20240226101947.4 | ||
| 041 | 0 | |a slo | |
| 044 | |a SK | ||
| 245 | 1 | 0 | |a Závery zo seminárov TEMPUS SJEP 11011-96 |b manažment vysokoškolských inštitúcií 1996-1999 |c koordinator: Jozef Balla ; zostavovateľ: Klára Olajošová |
| 264 | 1 | |a Nitra |b Slovenská poľnohospodárska univerzita v Nitre |c [1999] | |
| 300 | |a 24 s. | ||
| 610 | 2 | 0 | |a univerzity |
| 610 | 2 | 0 | |a školy vysoké |
| 610 | 2 | 0 | |a manažment |
| 610 | 2 | 0 | |a riadenie |
| 610 | 2 | 0 | |a projekty |
| 610 | 2 | 0 | |a podnikanie |
| 610 | 2 | 0 | |a Slovensko |